000
00313pam a2200133 a 4500
020
_c
041
_a
eng
082
_b
BHA
100
_a
Manisha Bharambhe .
245
_a
Object Oriented Programming Using java
_h
Textual Documents
260
_a
Pune
_b
Nirali Prakashan
_c
2022
300
_a
5.48p.
930
_a
18345
999
_c
95245
_d
95245